MARC

LEADER 00000nam0a2200000 4500
001 81717
005 20231031095255.0
035 |a (RuTPU)RU\TPU\book\87827 
090 |a 81717 
100 |a 20050922d1978 m y0rusy50 ca 
101 0 |a rus 
102 |a RU 
105 |a a j 001zy 
200 1 |a Основы метрологии и теории точности измерительных устройств  |e учебное пособие  |f В. П. Коротков, Б. А. Тайц 
205 |a 2-е изд., перераб. и доп. 
210 |a Москва  |c Изд-во стандартов  |d 1978 
215 |a 352 с.  |c ил. 
320 |a Библиогр. в конце ч. 
610 1 |a метрология 
610 1 |a измерительные устройства 
610 1 |a измерения 
610 1 |a точность 
610 1 |a метрологические службы 
610 1 |a физические величины 
610 1 |a неточный механизм 
610 1 |a кинематика 
610 1 |a погрешности 
610 1 |a учебные пособия 
675 |a 531.7(075.8)  |v 3 
675 |a 681.2-187.4(075.8)  |v 3 
700 1 |a Коротков  |b В. П.  |g Владимир Петрович 
701 1 |a Тайц  |b Б. А.  |g Борис Аркадьевич 
801 1 |a RU  |b 63413507  |c 20050922  |g PSBO 
801 2 |a RU  |b 63413507  |c 20140407  |g PSBO 
942 |c BK